000
00369nam a22001577a 4500
003
MPLRDC
005
20220104124103.0
008
210129b ||||| |||| 00| 0 eng d
082
_a
719.387 LHY
100
_a
李辉英
245
_a
新加坡纪行
_c
260
_a
_b
国光图书公司
_c
300
_b
平
650
_a
新加坡游记
942
_c
BK
_o
719.387 LHY
999
_c
16540
_d
16530